The Science of Asking Questions (Record no. 34927)
[ view plain ]
| 000 -LEADER | |
|---|---|
| fixed length control field | 00340nam a22001337a 4500 |
| 005 - DATE AND TIME OF LATEST TRANSACTION | |
| control field | 20231214154435.0 |
| 008 - FIXED-LENGTH DATA ELEMENTS--GENERAL INFORMATION | |
| fixed length control field | 231214b |||||||| |||| 00| 0 eng d |
| 082 ## - DEWEY DECIMAL CLASSIFICATION NUMBER | |
| Classification number | 001.42 |
| Item number | SCH-S |
| 100 ## - MAIN ENTRY--AUTHOR | |
| Author Name | Schaeffer; Nora. Cate |
| 245 ## - TITLE STATEMENT | |
| Title | The Science of Asking Questions |
| 500 ## - GENERAL NOTE | |
| General note | Copy of a topic. |
| 650 ## - SUBJECT ADDED ENTRY--TOPICAL TERM | |
| Subject / Department | Sociology/Research |
| 952 ## - LOCATION AND ITEM INFORMATION (KOHA) | |
| -- | 0 |
| -- | 0 |
| Lost status | Damaged status | Collection code | Permanent Location | Current Location | Shelving Location | Date acquired | Full Call Number | Accession No./Barcode | Date last seen | item type | Koha item type |
|---|---|---|---|---|---|---|---|---|---|---|---|
| Science | Superior Information Resource Center (SIRC) Superior University- Main Campus | Superior Information Resource Center (SIRC) Superior University- Main Campus | Research--Methodology | 12/14/2023 | 001.42 SCH-S 2003 | 29070 | 12/14/2023 | BOOK | BOOK |
